00000000nam 2200000za 4500
0019.816682
003CaOODSP
00520221107142313
007cr |||||||||||
008160502s2016||||oncad|||o    f00| 0 fre d
040 |aCaOODSP|bfre
043 |an-cn---
0861 |aW93-33/2016F-PDF
24500|aConsultations publiques sur le réaménagement des plaines LeBreton |h[ressource électronique] : |brapport final.
260 |aOttawa : |bCommission de la capitale nationale, |c2016.
300 |a144 p.|bfigs. tableaux.
500 |a«Le 28 avril 2016.»
500 |aPubl. aussi en anglais sous le titre : Public consultation on the redevelopment of LeBreton Flats - final report.
69207|2gccst|aCapitale nationale
69207|2gccst|aGestion des terres
7101 |aCanada. |bCommission de la Capitale nationale.
77508|tPublic consultation on the redevelopment of LeBreton Flats |w(CaOODSP)9.816677
85640|ahttp://publications.gc.ca|qPDF|s4.41 Mo|uhttps://publications.gc.ca/collections/collection_2016/ccn-ncc/W93-33-2016-fra.pdf